000
00187 a2200097 4500
020
_a
9788424132293
041
_a
spa
100
_a
Gerard Finel
245
_a
Asi Nace un Libro
942
_c
BK
999
_c
16060
_d
16060